Phát huy tính tích cực nhận thức của trẻ mẫu giáo 5 - 6 tuổi trong trò chơi học tập

Nội dung sách giới thiệu tính tích cực của nhận thức của trẻ mẫu giáo, trò chơi học tập của trẻ mẫu giáo. Phát huy tính tích cực nhận thức của trẻ mẫu giáo 5 - 6 tuổi trong trò chơi họp tập và giới thiệu một số trò chơi học....

Descripción completa

Guardado en:
Detalles Bibliográficos
Autor principal: Nguyễn, Thị Hòa
Formato: Libro
Lenguaje:Undetermined
Publicado: Hà Nội Đại học Sư phạm 2015
Materias:
Etiquetas: Agregar Etiqueta
Sin Etiquetas, Sea el primero en etiquetar este registro!
Thư viện lưu trữ: Trung tâm Học liệu Trường Đại học Cần Thơ
LEADER 01067nam a2200217Ia 4500
001 CTU_227128
008 210402s9999 xx 000 0 und d
020 |c 29000 
082 |a 372.218 
082 |b H401 
100 |a Nguyễn, Thị Hòa 
245 0 |a Phát huy tính tích cực nhận thức của trẻ mẫu giáo 5 - 6 tuổi trong trò chơi học tập 
245 0 |c Nguyễn Thị Hòa 
260 |a Hà Nội 
260 |b Đại học Sư phạm 
260 |c 2015 
520 |a Nội dung sách giới thiệu tính tích cực của nhận thức của trẻ mẫu giáo, trò chơi học tập của trẻ mẫu giáo. Phát huy tính tích cực nhận thức của trẻ mẫu giáo 5 - 6 tuổi trong trò chơi họp tập và giới thiệu một số trò chơi học. 
650 |a Mầm non,Kindergarten 
650 |x Chương trình hoạt động,Activity programs 
910 |b dqhieu 
980 |a Trung tâm Học liệu Trường Đại học Cần Thơ